000 00928nam a2200229 4500
001 119977
003 ES-MaACL
005 20230906191436.0
007 t|
008 070214s1982 sp r ||||1| spa d
020 _a84-7231-665-3
080 _a860-14"19"
100 1 _aPinto Grote, Carlos.
_992232
245 1 0 _aDe los días perdidos /
_cCarlos Pinto Grote.
260 _aSanta Cruz de Tenerife :
_bConfederación Española de Cajas de Ahorros,
_c1982.
300 _a114 p. ;
_c20 cm.
490 1 _aServicio de Publicaciones de la Caja General de Ahorros y Monte de Piedad de Santa Cruz de Tenerife ;
_v67. Poesía ;
_v10
710 2 _aCaja General de Ahorros y Monte de Piedad de Santa Cruz de Tenerife.
_9172796
830 1 _aServicio de Publicaciones de la Caja General de Ahorros y Monte de Piedad de Santa Cruz de Tenerife ;
_v67. Poesía ;
_v10
_9218644
852 _aES-MaACL
_jL-3180
999 _c119977
_d119977